MARC

LEADER 00000nam0a2200000 4500
001 270324
005 20231101234333.0
035 |a (RuTPU)RU\TPU\book\293505 
090 |a 270324 
100 |a 20140925d1987 k y0rusy50 ca 
101 0 |a rus 
102 |a LV 
105 |a a z 101zy 
200 1 |a 7-я Всесоюзная конференция по химии и использованию лигнина  |e тезисы докладов  |f Академия наук Латвийской ССР (АН ЛатССР), Институт химии древесины ; Всесоюзное химическое общество им. Д. И. Менделеева (ВХО), Латвийское республиканское правление 
210 |a Рига  |c Изд-во инт-та химии древесины  |d 1987 
215 |a 288 с.  |c ил. 
320 |a Библиография в конце статей 
320 |a Указатель авторов: с. 282-288 
606 1 |a Лигнин  |x Физико-химический анализ  |2 stltpush  |3 (RuTPU)RU\TPU\subj\34437  |9 56384 
610 1 |a модифицирование 
610 1 |a делигнификация 
610 1 |a растительное сырье 
610 1 |a химическая переработка 
610 1 |a целлюлозно-бумажные предприятия 
610 1 |a сточные воды 
610 1 |a загрязнение 
610 1 |a конференции 
675 |a 665.94(063)  |v 4 
712 0 2 |a Академия наук Латвийской ССР (АН ЛатССР)  |b Институт химии древесины  |2 stltpush  |3 (RuTPU)RU\TPU\col\10627 
712 0 2 |a Всесоюзное химическое общество им. Д. И. Менделеева (ВХО)  |b Латвийское республиканское правление  |c (Москва)  |c (1932-1991)  |2 stltpush  |3 (RuTPU)RU\TPU\col\12594 
712 1 2 |a Химия и использование лигнина  |c конференция  |d 7  |e Рига  |f 1986 
801 1 |a RU  |b 63413507  |c 20140925 
801 2 |a RU  |b 63413507  |c 20161202  |g RCR 
942 |c BK